| 000 | 00506nam a2200181Ia 4500 | ||
|---|---|---|---|
| 008 | 240925s9999 xx 000 0 und d | ||
| 020 | _a139486399 | ||
| 082 | _a621.31 DOR | ||
| 100 | _aDorny ,Nelson C. | ||
| 245 | 0 | _aUnderstanding Dynamic System: approaches to modeling ,analysis and design | |
| 250 | _aNA | ||
| 260 |
_aLondon: _bPrentice, Hall _c,1993. |
||
| 300 |
_axiv,160p. _bNA _fOriginal |
||
| 500 | _aIncludes Index | ||
| 600 | _aElectronic Engineering | ||
| 650 | _aTechnology | ||
| 942 | _cBK | ||
| 999 |
_c3717 _d3717 |
||